Divinités aztèques-De quoi est-il/elle le dieu/la déesse? - Statistiques

Statistiques générales
  • Ce quiz a été pris 20 fois
  • Le résultat moyen est 7 sur 14
Statistiques - réponses
Nom du dieu/
de la déesse
De quoi est-il/elle
le dieu/la déesse?
% Correct
Tlaloc(Dieu) Dieu de la pluie
86%
Mictlantecuhtli(Dieu) Dieu de la mort
79%
Tonatiuh(Dieu) Dieu Soleil
79%
Coatlicue/Teteoinan(Déesse) Déesse de la fertilité
64%
Huitzilopochtli(Dieu) Dieu de la volonté
64%
Ehecatl(Dieu) Dieu du vent
64%
Coyolxauhqui(Déesse) Déesse de la lune
57%
Chicomecoatl(Déesse) Déesse de l'agriculture
50%
Xiuhtecuhtli(Dieu) Dieu du feu
43%
Quetzalcoatl(Dieu) Dieu de la sagesse
36%
Mictlancihuatl(Déesse) Déesse de la fête des morts
21%
Xochipili(Dieu) Dieu des arts
14%
Xipe-Totec(Dieu) Dieu de la force
7%
Tezcatlipoca(Dieu) Dieu de la providence
7%
Aucun quiz correspondant
Distribution des résultats
% des personnes avec chaque résultat
Percentile par nombre de réponses
Votre historique - résultats
Vous n’avez pas pris ce quiz